|
|
|
|
| LEADER |
00000nlm0a2200000 4500 |
| 001 |
655794 |
| 005 |
20231101134905.0 |
| 029 |
1 |
0 |
|a RU
|b 2164260
|c Пат.
|d МПК C22C 1/04
|d МПК C22C 29/00
|d МПК B22F 3/12
|
| 035 |
|
|
|a (RuTPU)RU\TPU\network\22093
|
| 035 |
|
|
|a RU\TPU\network\22056
|
| 039 |
0 |
|
|a RU
|b 99113415/02
|c 19992306
|
| 090 |
|
|
|a 655794
|
| 100 |
|
|
|a 20171003j20012003k y0rusy50 ca
|
| 101 |
0 |
|
|a rus
|
| 102 |
|
|
|a RU
|
| 105 |
|
|
|a a k 000zy
|
| 135 |
|
|
|a drcn ---uucaa
|
| 181 |
|
0 |
|a i
|
| 182 |
|
0 |
|a b
|
| 200 |
1 |
|
|a Способ получения композиционных материалов с градиентной структурой
|f Л. М. Молчунова, С. Н. Кульков, С. Ф. Гнюсов
|
| 203 |
|
|
|a Текст
|c электронный
|
| 300 |
|
|
|a опубл. 20.03.00
|
| 330 |
|
|
|a Изобретение относится к порошковой металлургии и может быть использовано для армирования различного износостойкого инструмента. Способ включает приготовление шихты, прессование и спекание в засыпке, при этом шихту готовят из соединений, выбранных из группы, состоящей из карбидов, оксикарбидов, карбонитридов, нитридов с добавлением сталей или сплавов, содержащих элементы, способные испаряться в процессе спекания, а спекание проводят в вакууме при 1200 - 1500oС с выдержкой 10 - 300 мин, при этом одна из поверхностей прессовки свободна от засыпки. Изобретение позволяет получить композиционный материал с градиентной структурой, обладающий повышенной твердостью, прочностью и износостойкостью рабочей поверхности изделия.
|
| 610 |
1 |
|
|a патенты
|
| 610 |
1 |
|
|a труды учёных ТПУ
|
| 610 |
1 |
|
|a электронный ресурс
|
| 610 |
1 |
|
|a композиционные материалы
|
| 700 |
|
1 |
|a Молчунова
|b Л. М.
|
| 701 |
|
1 |
|a Кульков
|b С. Н.
|c специалист в области материаловедения
|c профессор Томского политехнического университета, доктор физико-математических наук
|f 1952-
|g Сергей Николаевич
|2 stltpush
|3 (RuTPU)RU\TPU\pers\28994
|
| 701 |
|
1 |
|a Гнюсов
|b С. Ф.
|c специалист в области машиностроения
|c профессор Томского политехнического университета, доктор технических наук
|f 1960-
|g Сергей Фёдорович
|2 stltpush
|3 (RuTPU)RU\TPU\pers\26508
|
| 801 |
|
1 |
|a RU
|b 63413507
|c 20120201
|
| 801 |
|
2 |
|a RU
|b 63413507
|c 20171003
|g RCR
|
| 856 |
4 |
|
|u http://www1.fips.ru/fips_servl/fips_servlet?DB=RUPAT&DocNumber=2164260&TypeFile=html
|
| 942 |
|
|
|c CF
|